| 000 | 00712nam a2200217Ia 4500 | ||
|---|---|---|---|
| 001 | 11099 | ||
| 003 | GE_BSU | ||
| 008 | 181216s||||||||xx |||||||||||||| ||und|| | ||
| 040 | _cGE_BSU | ||
| 080 | _a81'374(038) | ||
| 100 | _aთოფურია,ვ. გიგინეიშვილი,ი. | ||
| 245 | _aორთოგრაფიული ლექსიკონი. | ||
| 245 | _cრედ.ს.ყაუხჩიშვილი | ||
| 250 | _aმე-3 გამოც. | ||
| 260 | _aთბილისი. | ||
| 260 | _bსახელგამი. | ||
| 260 | _c1949. | ||
| 300 | _a278გვ;21სმ. | ||
| 653 | _aორთოგრაფიული ლექსიკონი. | ||
| 942 | _cBK | ||
| 999 |
_c44338 _d44338 |
||